000
00369nam a2200109Ia 4500
008
191206s9999 xx 000 0 und d
090
_a
PR6005.A77M5
245
0
_a
Mister Johnson
260
_c
c1989
300
_a
"11 film reels of 11 on 6 : sd., col. ; 35 mm."
999
_c
16501
_d
16501